| Tag |
First Indicator |
Second Indicator |
Subfields |
| LEADER |
00000cam a2200000 4500 |
| 001 |
in00000348913 |
| 005 |
20151011072956.0 |
| 008 |
750226s1942 nyua 00010 eng |
| 010 |
|
|
|a 42017327
|
| 035 |
|
|
|a (OCoLC)01189580
|
| 035 |
|
|
|9 ABP2561AM
|
| 040 |
|
|
|c WOO
|d TXA
|d UtOrBLW
|
| 049 |
|
|
|a TXAM
|c 1 [104827], 2 [147160]
|
| 050 |
0 |
0 |
|a E169
|b .C447
|
| 100 |
1 |
|
|a Chamberlain, Samuel,
|d 1895-1975.
|
| 245 |
1 |
0 |
|a Fair is our land /
|c designed and edited by Samuel Chamberlain; introduction by Donald Moffat.
|
| 264 |
|
1 |
|a New York City :
|b Hastings House,
|c [1942]
|
| 300 |
|
|
|a 252 pages :
|b illustrations ;
|c 25 cm.
|
| 336 |
|
|
|a text
|b txt
|2 rdacontent
|
| 337 |
|
|
|a unmediated
|b n
|2 rdamedia
|
| 338 |
|
|
|a volume
|b nc
|2 rdacarrier
|
| 500 |
|
|
|a Illustrations: pages 25-240.
|
| 651 |
|
0 |
|a United States
|v Aerial views
|x Pictorial works.
|
| 651 |
|
0 |
|a United States
|v Pictorial works.
|
| 999 |
|
|
|a MARS
|
| 999 |
f |
f |
|s dab7ac39-8dd6-30a0-a0ba-e72cb4bcf466
|i 476d773e-e0e3-3159-b0c9-f2baa26e8b48
|t 0
|
| 952 |
f |
f |
|p ric
|a Texas A&M University
|b Rellis Campus
|c Joint Library Facility
|d Remote Storage
|t 0
|e E169 .C447
|h Library of Congress classification
|i unmediated -- volume
|m A14802153872
|
| 998 |
f |
f |
|a E169 .C447
|t 0
|l Remote Storage
|